Wine Regions of California - Statistics

General Stats
  • This quiz has been taken 390 times
    385 since last reset
  • The average score is 9 of 17
Answers on the Map
Answers color-coded by a green-red scale on the quiz's map according to % correct below.
 
Answer Stats
Answer % Correct
Sonoma Coast
74%
Napa Valley
68%
Napa County
64%
Sonoma County
60%
Lodi
57%
Santa Barbara County
56%
Los Carneros
55%
Mendocino County
53%
Paso Robles
47%
San Luis Obispo County
47%
Santa Cruz Mountains
45%
Monterey
43%
Santa Maria Valley
42%
Russian River Valley
41%
Anderson Valley
37%
Dry Creek Valley
37%
Alexander Valley
36%
No matching quizzes found
Score Distribution
Percent of People with Each Score
Percentile by Number Answered
Your Score History
You have not taken this quiz since the last reset